Alturas and Lake Garfield (Record no. 590791)
[ view plain ]
| 000 -LEADER | |
|---|---|
| fixed length control field | 01314cam a22003615i 4500 |
| 001 - CONTROL NUMBER | |
| control field | 21981329 |
| 003 - CONTROL NUMBER IDENTIFIER | |
| control field | NUST |
| 005 - DATE AND TIME OF LATEST TRANSACTION | |
| control field | 20220825125533.0 |
| 008 - FIXED-LENGTH DATA ELEMENTS--GENERAL INFORMATION | |
| fixed length control field | 210405s2021 scu 000 0 eng |
| 010 ## - LIBRARY OF CONGRESS CONTROL NUMBER | |
| LC control number | 2021936564 |
| 020 ## - INTERNATIONAL STANDARD BOOK NUMBER | |
| International Standard Book Number | 9781467105637 |
| Qualifying information | (paperback) |
| 038 ## - RECORD CONTENT LICENSOR | |
| Staff Name | Azhar |
| 040 ## - CATALOGING SOURCE | |
| Original cataloging agency | DLC |
| Language of cataloging | eng |
| Description conventions | rda |
| Transcribing agency | DLC |
| 042 ## - AUTHENTICATION CODE | |
| Authentication code | pcc |
| 082 ## - DEWEY DECIMAL CLASSIFICATION NUMBER | |
| Classification number | 975.901 |
| Author Mark | MAB |
| 100 1# - MAIN ENTRY--PERSONAL NAME | |
| Personal name | Maberry, Cheryl Hielscher, |
| Dates associated with a name | 1955- |
| Relator term | author. |
| 9 (RLIN) | 96581 |
| 245 10 - TITLE STATEMENT | |
| Title | Alturas and Lake Garfield |
| Statement of responsibility, etc. | Sherry Hielscher Maberry, Linda Smith King, Christi Voigt Adkins, Cathy Frankenburger Curtis, W. Patrick Huff, D. Scott Young. |
| 260 ## - PUBLICATION, DISTRIBUTION, ETC. | |
| Place of publication, distribution, etc. | Charleston : |
| Name of publisher, distributor, etc. | Arcadia Publishing, |
| Date of publication, distribution, etc. | 2021 |
| 263 ## - PROJECTED PUBLICATION DATE | |
| Projected publication date | 1111 |
| 300 ## - PHYSICAL DESCRIPTION | |
| Extent | 127p |
| 336 ## - CONTENT TYPE | |
| Content type term | text |
| Content type code | txt |
| Source | rdacontent |
| 337 ## - MEDIA TYPE | |
| Media type term | unmediated |
| Media type code | n |
| Source | rdamedia |
| 338 ## - CARRIER TYPE | |
| Carrier type term | volume |
| Carrier type code | nc |
| Source | rdacarrier |
| 490 0# - SERIES STATEMENT | |
| Series statement | Images of america |
| 700 1# - ADDED ENTRY--PERSONAL NAME | |
| Personal name | King, Linda Smith, |
| Dates associated with a name | 1947- |
| Relator term | author. |
| 9 (RLIN) | 96582 |
| 700 1# - ADDED ENTRY--PERSONAL NAME | |
| Personal name | Adkins, Mary Christine, |
| Dates associated with a name | 1959- |
| Relator term | author. |
| 9 (RLIN) | 96583 |
| 700 1# - ADDED ENTRY--PERSONAL NAME | |
| Personal name | Curtis, Lyda Catherine Frankenburger, |
| Dates associated with a name | 1952- |
| Relator term | author. |
| 9 (RLIN) | 96584 |
| 700 1# - ADDED ENTRY--PERSONAL NAME | |
| Personal name | Huff, Warren Patrick, |
| Dates associated with a name | 1930- |
| Relator term | author. |
| 9 (RLIN) | 96585 |
| 700 1# - ADDED ENTRY--PERSONAL NAME | |
| Personal name | Young, Darryl Scott, |
| Dates associated with a name | 1957- |
| Relator term | author. |
| 9 (RLIN) | 96586 |
| 906 ## - LOCAL DATA ELEMENT F, LDF (RLIN) | |
| a | 0 |
| b | ibc |
| c | orignew |
| d | 2 |
| e | epcn |
| f | 20 |
| g | y-gencatlg |
| 942 ## - ADDED ENTRY ELEMENTS (KOHA) | |
| Source of classification or shelving scheme | |
| Koha item type | Lincoln Corner |
| Withdrawn status | Lost status | Source of classification or shelving scheme | Damaged status | Not for loan | Permanent Location | Current Location | Shelving location | Date acquired | Full call number | Barcode | Date last seen | Price effective from | Koha item type |
|---|---|---|---|---|---|---|---|---|---|---|---|---|---|
| Central Library (CL) | Central Library (CL) | Lincoln Corner | 08/06/2022 | 975.901 MAB | LC-302 | 08/06/2022 | 08/06/2022 | Reference |
